| 000 | 00506nam a22001697a 4500 | ||
|---|---|---|---|
| 003 | OSt | ||
| 005 | 20140310182954.0 | ||
| 008 | 130207t xxu||||| |||| 00| 0 eng d | ||
| 020 | _a9789710110759 | ||
| 050 |
_aHD 60 _b.Si563 2010 |
||
| 245 |
_aCorporate social responsibility and occupational safety and health / _cJorge V. Sibal, Theresita V. Atienza |
||
| 260 |
_aPhilippines : _bCentral Book Supply, _c2010. |
||
| 300 |
_a103 p. : _c22 cm. |
||
| 521 | _aBSBA | ||
| 942 |
_2lcc _cBK _kLOC |
||
| 999 |
_c17975 _d17975 |
||